000 00352nam a22001457a 4500
008 250423b ||||| |||| 00| 0 eng d
020 _a9780692797914
041 _aeng
080 _22019
_a53JEW
082 _253JEW
_a53JEW
100 _a22
101 _aMATEMATIK
245 _aTHE 40 BEST SALES TECHNIQUES EVER
_cJONATHAN JEWETT
942 _2udc
_cBK
999 _c60697
_d60697